China and Malaysia in a globalizing world: Bilateral relations, regional imperatives and domestic challenges

Đã lưu trong:
Chi tiết về thư mục
Những tác giả chính: Yeoh, Kok Kheng (Tác giả), Kok Chung, Hou (Tác giả)
Định dạng: Sách
Ngôn ngữ:Tiếng Anh
Được phát hành: Kuala Lumpur Institute of China Studies 2006
Phiên bản:1a. ed
Những chủ đề:
Các nhãn: Thêm thẻ
Không có thẻ, Là người đầu tiên thẻ bản ghi này!

MARC

LEADER 00000nam a2200000 a 4500
001 UCH1323
003 CL-VaPUC
008 090420e20060000MY |||||||||||||||||eng|d
020 |a 983374849X 
082 0 4 |a 327.3109595  |b YEO  |2 21 
100 0 |a Yeoh, Kok Kheng   |e author  |9 535755 
700 0 |a Kok Chung, Hou  |e author  |9 535756 
245 1 0 |a China and Malaysia in a globalizing world: Bilateral relations, regional imperatives and domestic challenges 
250 |a 1a. ed 
300 |a 278 p 
942 |c BK 
945 |d 20090420 00:00:00  |a dcastane 
260 |a Kuala Lumpur  |b Institute of China Studies  |c 2006 
650 0 |a Relaciones bilaterales  |9 406884 
650 7 |a RELACIONES ECONOMICAS  |2 CL-VaPUC  |9 373743 
650 0 |a Globalización  |9 361930 
650 0 |a Integración económica  |9 255024 
651 0 |a China   |9 257545 
651 7 |a MALASIA  |2 CL-VaPUC  |9 357944 
583 |a last modification  |c 20090420 00:00:00  |k Rodrigo Vera 
999 |c 333373  |d 333371 
952 |0 0  |1 0  |4 0  |6 327_310959500000000_YEO_2006  |7 0  |8 A  |9 421723  |a BIBGIM  |b BIBGIM  |d 2019-11-22  |i 4518799  |o 327.3109595 YEO 2006  |p 4518799  |r 2025-01-15  |w 2019-11-22  |y BK  |k ORI 
952 |0 0  |1 0  |4 0  |6 327_310959500000000_YEO_2006  |7 0  |8 A  |9 421724  |a BIBGIM  |b BIBGIM  |d 2019-11-22  |i 4692527  |o 327.3109595 YEO 2006  |p 4692527  |r 2025-01-15  |w 2019-11-22  |y BK  |k ORI